| 000 | 00397nam a2200157 a 4500 | ||
|---|---|---|---|
| 005 | 20140414173343.0 | ||
| 008 | 110805s19uu xx 00 eng d | ||
| 050 |
_aREF 031.02 _bT56 2007 |
||
| 100 | _aRowen, Beth | ||
| 245 | _aAlmanac 2008. | ||
| 260 |
_aNew York : _bTime for kids, _c2007. |
||
| 520 | _aIncludes index. | ||
| 650 | _a1. Almanac, Children's | ||
| 942 | _cBK | ||
| 999 |
_c115461 _d115461 |
||